Vật lí điện tử

Bewaard in:
Bibliografische gegevens
Hoofdauteur: Nguyễn, Minh Hiển
Formaat: Boek
Taal:Undetermined
Gepubliceerd in: Hà Nội Giáo dục 2003
Onderwerpen:
Tags: Voeg label toe
Geen labels, Wees de eerste die dit record labelt!
Thư viện lưu trữ: Trung tâm Học liệu Trường Đại học Cần Thơ
LEADER 00545nam a2200193Ia 4500
001 CTU_88442
008 210402s9999 xx 000 0 und d
020 |c 19800 
082 |a 537.5 
082 |b H305 
100 |a Nguyễn, Minh Hiển 
245 0 |a Vật lí điện tử 
245 0 |c Nguyễn Minh Hiển, Vũ Linh 
260 |a Hà Nội 
260 |b Giáo dục 
260 |c 2003 
650 |a Electrics and electronics,Physics 
904 |i Truc,Hải 
980 |a Trung tâm Học liệu Trường Đại học Cần Thơ